Hồi ức tuổi tám mươi : Hành trình từ điện tử đến vi mạch

Đã lưu trong:
书目详细资料
主要作者: Đặng, Lương Mô
格式: 图书
语言:Undetermined
出版: Thành phố Hồ Chí Minh Tổng hợp thành phố Hồ Chí Minh 2018
主题:
标签: 添加标签
没有标签, 成为第一个标记此记录!
Thư viện lưu trữ: Trung tâm Học liệu Trường Đại học Cần Thơ
LEADER 00694nam a2200205Ia 4500
001 CTU_231090
008 210402s9999 xx 000 0 und d
020 |c 115000 
082 |a 895.922803 
082 |b M450 
100 |a Đặng, Lương Mô 
245 0 |a Hồi ức tuổi tám mươi : 
245 0 |b Hành trình từ điện tử đến vi mạch 
245 0 |c Đặng Lương Mô 
260 |a Thành phố Hồ Chí Minh 
260 |b Tổng hợp thành phố Hồ Chí Minh 
260 |c 2018 
650 |a Văn học Việt Nam,Vietnamese literature 
910 |b dqhieu 
980 |a Trung tâm Học liệu Trường Đại học Cần Thơ